000 00535nam a22001937a 4500
003 DO-SdBNP
005 20180222115723.0
008 160321b xxu||||| |||| 00| 0 spa d
020 _a8426352413
040 _aBPMSU
_bspa
_cBPMSU
100 _aCarrier, Isabelle
245 3 _aEl paseo de nina /
_cIsabelle Carrier ; traducción Violante Krahe
260 _aZaragoza
_bLuis Vives
_c2003
300 _a45 p. :
_bil. :
_c15 cm
490 _aEdelvives
942 _2ddc
_cBK
945 _aInventariado, 2018/MFF
956 _adaysi garcia
999 _c9350
_d9350